[Event "NatWest Young Masters 2nd"]
[Site "London, Bayswater"]
[Date "1985.09.11"]
[Round "5"]
[White "Pein, Malcolm"]
[Black "Botterill, George Steven"]
[Result "1/2-1/2"]
[WhiteElo "2360"]
[BlackElo "2415"]
[PlyCount "56"]
[EventDate "1985.09.07"]
[EventRounds "9"]
[EventCountry "ENG"]
[EventCategory "6"]
[SourceTitle "BritBase"]
[Source "John Saunders"]
[SourceDate "2020.09.07"]
[SourceVersion "1"]
[SourceVersionDate "2020.09.07"]
[SourceQuality "2"]

1. d4 d5 2. c4 dxc4 3. e4 Nf6 4. e5 Nd5 5. Bxc4 Nb6 6. Bb3 Nc6 7. Be3 Bf5 8.
Ne2 e6 9. Nbc3 Qd7 10. O-O Be7 11. a3 Rd8 12. Ba2 O-O 13. b4 a6 14. f4 Kh8 15.
h3 Bg6 16. g4 f5 17. Qb3 Nd5 18. Nxd5 exd5 19. g5 Bf7 20. Rac1 Na7 21. a4 c6
22. Bb1 Be6 23. Bd3 Ra8 24. Qb2 Rfb8 25. Qb1 Nc8 26. Ng3 g6 27. a5 Na7 28. Bd2
Nb5 1/2-1/2

[Event "NatWest Young Masters 2nd"]
[Site "London, Bayswater"]
[Date "1985.09.11"]
[Round "5"]
[White "Morrison, Graham"]
[Black "Condie, Mark L"]
[Result "1/2-1/2"]
[WhiteElo "2335"]
[BlackElo "2405"]
[PlyCount "39"]
[EventDate "1985.09.07"]
[EventRounds "9"]
[EventCountry "ENG"]
[EventCategory "6"]
[SourceTitle "BritBase"]
[Source "John Saunders"]
[SourceDate "2020.09.07"]
[SourceVersion "1"]
[SourceVersionDate "2020.09.07"]
[SourceQuality "2"]

1. c4 e6 2. Nf3 d5 3. d4 Nf6 4. Nc3 Nbd7 5. Bg5 h6 6. Bh4 Be7 7. e3 O-O 8. Rc1
c6 9. Bd3 dxc4 10. Bxc4 b5 11. Bd3 a6 12. a4 bxa4 13. Nxa4 Qa5+ 14. Nd2 Bb4 15.
Nc3 c5 16. Bxf6 Nxf6 17. Nb3 Qb6 18. Nxc5 Bxc5 19. dxc5 Qxc5 20. O-O 1/2-1/2

[Event "NatWest Young Masters 2nd"]
[Site "London, Bayswater"]
[Date "1985.09.11"]
[Round "5"]
[White "Whiteley, Andrew J"]
[Black "Hawksworth, John C"]
[Result "1/2-1/2"]
[WhiteElo "2370"]
[BlackElo "2370"]
[PlyCount "24"]
[EventDate "1985.09.07"]
[EventRounds "9"]
[EventCountry "ENG"]
[EventCategory "6"]
[SourceTitle "BritBase"]
[Source "John Saunders"]
[SourceDate "2020.09.07"]
[SourceVersion "1"]
[SourceVersionDate "2020.09.07"]
[SourceQuality "2"]

1. d4 Nf6 2. c4 e6 3. g3 d5 4. Bg2 Be7 5. Nf3 O-O 6. O-O dxc4 7. Qc2 a6 8. a4
Bd7 9. Nbd2 Bc6 10. Nxc4 Be4 11. Qb3 Nc6 12. Be3 a5 1/2-1/2

[Event "NatWest Young Masters 2nd"]
[Site "London, Bayswater"]
[Date "1985.09.12"]
[Round "6"]
[White "Bradbury, Neil H"]
[Black "Whiteley, Andrew J"]
[Result "1-0"]
[WhiteElo "2335"]
[BlackElo "2370"]
[PlyCount "123"]
[EventDate "1985.09.07"]
[EventRounds "9"]
[EventCountry "ENG"]
[EventCategory "6"]
[SourceTitle "BritBase"]
[Source "John Saunders"]
[SourceDate "2020.09.07"]
[SourceVersion "1"]
[SourceVersionDate "2020.09.07"]
[SourceQuality "2"]

1. d4 d5 2. c4 c6 3. Nf3 Nf6 4. Nc3 e6 5. g3 dxc4 6. Bg2 b5 7. O-O Bb7 8. a4 a6
9. Ne5 Nd5 10. e4 Nxc3 11. bxc3 Nd7 12. f4 Be7 13. Qh5 O-O 14. f5 Nf6 15. Qh3
exf5 16. exf5 Nd5 17. f6 Bxf6 18. Be4 g6 19. Bxd5 cxd5 20. Bh6 Re8 21. Rxf6
Qxf6 22. Rf1 Qe7 23. Rxf7 Qxf7 24. Nxf7 Kxf7 25. Bf4 h5 26. Be5 Re6 27. axb5
axb5 28. g4 Rg8 29. Kf2 Bc6 30. gxh5 gxh5 31. Qxh5+ Reg6 32. Qf5+ Ke7 33. Ke3
Bd7 34. Qh5 Be6 35. Qh7+ Bf7 36. Qh4+ Kd7 37. Qh3+ Kc6 38. Qh4 Kd7 39. Qh3+ Kc6
40. Qh7 Rf8 41. h4 b4 42. h5 Rgg8 43. cxb4 Kb5 44. Bd6 Re8+ 45. Kf2 Be6 46. Qa7
Ra8 47. Qc5+ Ka4 48. b5 Kb3 49. Qb4+ Kc2 50. b6 Ra2 51. Ke3 Rb2 52. Qd2+ Kb1
53. Qe1+ Ka2 54. Qa5+ Kb1 55. Qe1+ Ka2 56. h6 c3 $2 57. Qxc3 Rb3 58. Qxb3+ Kxb3
59. b7 Bf5 60. b8=Q+ Rxb8 61. Bxb8 Kc3 62. Be5 1-0

[Event "NatWest Young Masters 2nd"]
[Site "London, Bayswater"]
[Date "1985.09.12"]
[Round "6"]
[White "Condie, Mark L"]
[Black "Norwood, David"]
[Result "0-1"]
[WhiteElo "2405"]
[BlackElo "2445"]
[PlyCount "82"]
[EventDate "1985.09.07"]
[EventRounds "9"]
[EventCountry "ENG"]
[EventCategory "6"]
[SourceTitle "BritBase"]
[Source "John Saunders"]
[SourceDate "2020.09.07"]
[SourceVersion "1"]
[SourceVersionDate "2020.09.07"]
[SourceQuality "2"]

1. d4 Nf6 2. Nf3 d6 3. c3 g6 4. Bg5 b6 5. Nbd2 Bb7 6. a4 Bg7 7. Qc2 O-O 8. e4
c5 9. dxc5 bxc5 10. Bd3 Nbd7 11. O-O Rc8 12. Rfe1 h6 13. Bh4 Nh5 14. Nc4 Nb6
15. Nfd2 Qc7 16. a5 Nxc4 17. Nxc4 e6 18. Bf1 Rfe8 19. a6 Ba8 20. Na3 d5 21. Nb5
Qb8 22. exd5 exd5 23. Re7 Be5 24. Rxe8+ Rxe8 25. Bg3 Nxg3 26. hxg3 Bc6 27. Na3
h5 $1 28. Re1 h4 29. Qd2 hxg3 30. fxg3 Kg7 31. Bd3 c4 32. Bb1 Qb6+ 33. Kf1 Re6
34. Re3 Bf4 35. gxf4 Qxe3 36. Qxe3 Rxe3 37. Nc2 Re8 38. Nb4 Ba8 39. Bc2 d4 40.
Ba4 dxc3 41. bxc3 Re3 0-1

[Event "NatWest Young Masters 2nd"]
[Site "London, Bayswater"]
[Date "1985.09.12"]
[Round "6"]
[White "Pein, Malcolm"]
[Black "Morrison, Graham"]
[Result "1-0"]
[WhiteElo "2360"]
[BlackElo "2335"]
[PlyCount "71"]
[EventDate "1985.09.07"]
[EventRounds "9"]
[EventCountry "ENG"]
[EventCategory "6"]
[SourceTitle "BritBase"]
[Source "John Saunders"]
[SourceDate "2020.09.07"]
[SourceVersion "1"]
[SourceVersionDate "2020.09.07"]
[SourceQuality "2"]

1. d4 Nf6 2. c4 e6 3. Nc3 Bb4 4. e3 O-O 5. Bd3 d5 6. a3 Bxc3+ 7. bxc3 dxc4 8.
Bxc4 c5 9. Nf3 $2 Qc7 10. Qc2 b6 11. Bb2 Ba6 12. Bxa6 Nxa6 13. Qe2 Qb7 14. O-O
Rac8 15. Rfe1 Ne4 16. Ne5 Nb8 17. f3 Nd6 18. Rad1 Rfd8 19. e4 Nc6 20. Ng4 Na5
21. Bc1 cxd4 22. cxd4 Nac4 23. d5 e5 24. Qf2 f6 25. Qg3 Kh8 26. f4 exf4 27.
Bxf4 b5 $2 {(Nf7)} 28. e5 Nf5 29. Qh3 Rxd5 30. Nxf6 gxf6 31. Qxf5 Rcd8 32.
Qxf6+ Kg8 33. Rxd5 Qxd5 34. Bh6 Qc5+ 35. Kh1 Qc7 36. Rf1 1-0

[Event "NatWest Young Masters 2nd"]
[Site "London, Bayswater"]
[Date "1985.09.12"]
[Round "6"]
[White "Botterill, George Steven"]
[Black "De Wit, Jan"]
[Result "0-1"]
[WhiteElo "2415"]
[BlackElo "2390"]
[PlyCount "70"]
[EventDate "1985.09.07"]
[EventRounds "9"]
[EventCountry "ENG"]
[EventCategory "6"]
[SourceTitle "BritBase"]
[Source "John Saunders"]
[SourceDate "2020.09.07"]
[SourceVersion "1"]
[SourceVersionDate "2020.09.07"]
[SourceQuality "2"]

1. Nf3 Nf6 2. c4 c5 3. Nc3 d5 4. cxd5 Nxd5 5. g3 Nc6 6. Bg2 Nc7 7. d3 e5 8. O-O
Be7 9. Nd2 Be6 10. Nc4 Nd5 11. Ne3 Nxe3 12. Bxe3 Rc8 13. Qa4 Qd7 14. f4 exf4
15. Bxf4 O-O 16. Kh1 Rfd8 17. Rac1 b6 18. Rfd1 Qe8 19. Rd2 Bf8 20. e4 Rd7 21.
Nd5 Qd8 22. a3 Ne7 23. Nxe7+ Bxe7 24. d4 Rxd4 25. Rxd4 Qxd4 26. Qxa7 Bd8 27. h4
h6 28. b4 g5 29. hxg5 hxg5 30. Bb8 Kg7 31. bxc5 Be7 32. Qxe7 Rh8+ 33. Bh3 Rxh3+
34. Kg2 Qd2+ 35. Kf3 g4# 0-1

[Event "NatWest Young Masters 2nd"]
[Site "London, Bayswater"]
[Date "1985.09.12"]
[Round "6"]
[White "Hawksworth, John C"]
[Black "Wells, Peter K"]
[Result "1/2-1/2"]
[WhiteElo "2370"]
[BlackElo "2365"]
[PlyCount "56"]
[EventDate "1985.09.07"]
[EventRounds "9"]
[EventCountry "ENG"]
[EventCategory "6"]
[SourceTitle "BritBase"]
[Source "John Saunders"]
[SourceDate "2020.09.07"]
[SourceVersion "1"]
[SourceVersionDate "2020.09.07"]
[SourceQuality "2"]

1. d4 Nf6 2. c4 e6 3. Nc3 Bb4 4. Qc2 c5 5. dxc5 O-O 6. Nf3 Na6 7. e3 Nxc5 8.
Bd2 b6 9. Be2 Bb7 10. O-O Qe7 11. Rfd1 Rfd8 12. Rac1 Rac8 13. Be1 a5 14. Nd4
Bxc3 15. Qxc3 Nfe4 16. Qa3 e5 17. Nb5 Rc6 18. f3 Ng5 19. Nc3 Rg6 20. Nd5 Bxd5
21. Rxd5 e4 22. f4 Nf3+ 23. Kh1 Nxe1 24. Rxe1 Qh4 25. Rf1 Rh6 26. h3 f6 27. Qc3
Qg3 28. Qd2 Rxh3+ 1/2-1/2

[Event "NatWest Young Masters 2nd"]
[Site "London, Bayswater"]
[Date "1985.09.13"]
[Round "7"]
[White "Norwood, David"]
[Black "Pein, Malcolm"]
[Result "1-0"]
[WhiteElo "2445"]
[BlackElo "2360"]
[PlyCount "105"]
[EventDate "1985.09.07"]
[EventRounds "9"]
[EventCountry "ENG"]
[EventCategory "6"]
[SourceTitle "BritBase"]
[Source "John Saunders"]
[SourceDate "2020.09.07"]
[SourceVersion "1"]
[SourceVersionDate "2020.09.07"]
[SourceQuality "2"]

1. d4 Nf6 2. Nf3 e6 3. c4 d5 4. Nc3 Be7 5. e3 O-O 6. Bd3 dxc4 7. Bxc4 c5 8. O-O
Nc6 9. a3 a6 10. dxc5 Bxc5 11. b4 Bd6 12. Bb2 b5 13. Bd3 Bb7 14. Ne4 Nxe4 15.
Bxe4 Rc8 16. h4 h6 17. Ng5 Be7 18. Nxe6 fxe6 19. Qg4 Bf6 20. Qxe6+ Rf7 21. Rad1
Bxb2 22. Rxd8+ Nxd8 23. Qe8+ Rf8 24. Bh7+ Kxh7 25. Qxf8 Bf6 26. Rd1 Nc6 27. Qf7
Ba8 28. Qe6 Rf8 29. Rc1 Ne7 30. e4 Ng6 31. h5 Nh4 32. e5 Bg5 33. Rc8 Rxc8 34.
Qxc8 Bxg2 35. Qc2+ Kg8 36. Qc8+ Kh7 37. Qxa6 Be4 38. Qxb5 Nf3+ 39. Kf1 Nd2+ 40.
Ke1 Nf3+ 41. Kf1 Bf5 42. Qe8 Nd2+ 43. Ke2 Bg4+ 44. Ke1 Nf3+ 45. Kf1 Bh3+ 46.
Ke2 Bg4 47. Kd3 Bf5+ 48. Kc4 Bd7 49. Qg6+ Kh8 50. Kd5 Ba4 51. Qf5 Bb3+ 52. Kd6
Nd4 53. Qd3 1-0

[Event "NatWest Young Masters 2nd"]
[Site "London, Bayswater"]
[Date "1985.09.13"]
[Round "7"]
[White "Morrison, Graham"]
[Black "Botterill, George Steven"]
[Result "1/2-1/2"]
[WhiteElo "2335"]
[BlackElo "2415"]
[PlyCount "87"]
[EventDate "1985.09.07"]
[EventRounds "9"]
[EventCountry "ENG"]
[EventCategory "6"]
[SourceTitle "BritBase"]
[Source "John Saunders"]
[SourceDate "2020.09.07"]
[SourceVersion "1"]
[SourceVersionDate "2020.09.07"]
[SourceQuality "2"]

1. e4 e6 2. d4 d5 3. Nd2 Nf6 4. e5 Nfd7 5. Bd3 c5 6. c3 Nc6 7. Ngf3 Qb6 8. O-O
Be7 9. Qe2 Qc7 10. a3 c4 11. Bc2 b5 12. Re1 a5 13. Nf1 Nb6 14. Ng5 h6 15. Qh5
g6 16. Qh3 Bf8 17. Re3 Ne7 18. Rf3 Nf5 19. g4 Bg7 20. gxf5 hxg5 21. f6 Rxh3 22.
fxg7 Rxf3 23. g8=Q+ Kd7 24. Bxg5 Kc6 25. Kg2 Rf5 26. f4 Na4 27. Bxa4 bxa4 28.
Qe8+ Qd7 29. Qxd7+ Bxd7 30. Ne3 Rb8 31. Rb1 Rh8 32. Nxf5 exf5 33. Bf6 Rh7 34.
Re1 Be6 35. Re3 Kd7 36. Rh3 Rxh3 37. Kxh3 Ke8 38. Bg7 Kd7 39. Kh4 Ke8 40. Kg5
Ke7 41. Kh6 Ke8 42. Bf6 Bd7 43. Kg7 Be6 44. Kg8 1/2-1/2

[Event "NatWest Young Masters 2nd"]
[Site "London, Bayswater"]
[Date "1985.09.13"]
[Round "7"]
[White "De Wit, Jan"]
[Black "Hawksworth, John C"]
[Result "0-1"]
[WhiteElo "2390"]
[BlackElo "2370"]
[PlyCount "82"]
[EventDate "1985.09.07"]
[EventRounds "9"]
[EventCountry "ENG"]
[EventCategory "6"]
[SourceTitle "BritBase"]
[Source "John Saunders"]
[SourceDate "2020.09.07"]
[SourceVersion "1"]
[SourceVersionDate "2020.09.07"]
[SourceQuality "2"]

1. e4 e5 2. Nf3 Nc6 3. Bb5 a6 4. Ba4 Nf6 5. O-O Nxe4 6. d4 b5 7. Bb3 d5 8. dxe5
Be6 9. Be3 Be7 10. c3 Qd7 11. Re1 Nc5 12. Bc2 Bg4 13. Nbd2 Ne6 14. Qb1 Bh5 15.
Nd4 Ncxd4 16. cxd4 c5 17. Bf5 Bg6 18. Nf3 Bxf5 19. Qxf5 c4 20. h4 a5 21. g3 a4
22. a3 b4 23. axb4 Bxb4 24. Re2 Be7 25. Qc2 O-O 26. Ng5 Nxg5 27. hxg5 Rfb8 28.
Kg2 Rb3 29. Rh1 g6 30. Rh4 Qf5 31. Qc1 h5 32. g4 hxg4 33. Qg1 c3 34. Qh2 Qf3+
35. Kg1 Qh3 36. Rxh3 gxh3 37. f4 cxb2 38. Rxb2 Rxe3 39. Rb7 a3 40. Qa2 Rg3+ 41.
Kf1 Rg2 0-1

[Event "NatWest Young Masters 2nd"]
[Site "London, Bayswater"]
[Date "1985.09.13"]
[Round "7"]
[White "Whiteley, Andrew J"]
[Black "Condie, Mark L"]
[Result "1-0"]
[WhiteElo "2370"]
[BlackElo "2405"]
[PlyCount "71"]
[EventDate "1985.09.07"]
[EventRounds "9"]
[EventCountry "ENG"]
[EventCategory "6"]
[SourceTitle "BritBase"]
[Source "John Saunders"]
[SourceDate "2020.09.07"]
[SourceVersion "1"]
[SourceVersionDate "2020.09.07"]
[SourceQuality "2"]

1. d4 Nf6 2. c4 e6 3. Nc3 Bb4 4. Qc2 c5 5. dxc5 O-O 6. a3 Bxc5 7. Nf3 Nc6 8.
Bf4 d5 9. e3 Re8 10. cxd5 exd5 11. Be2 Bg4 12. O-O Bd6 13. Bg5 Ne5 14. Nxe5
Bxe2 15. Nxf7 Kxf7 16. Qxe2 Be5 17. Rfd1 Bxc3 18. bxc3 Rc8 19. Bxf6 Qxf6 20.
Qh5+ Kg8 21. Qxd5+ Kh8 22. Qxb7 Rxc3 23. Qb2 Rf8 24. h3 h6 25. Rd2 Qc6 26. Rad1
Kh7 27. Qb1+ Kg8 28. Rd8 Qc5 29. Rxf8+ Qxf8 30. a4 Qc8 31. Qb5 Kh7 32. Rd7 Qf8
33. Qb1+ Kh8 34. Rxa7 Qc8 35. Qb7 Rc1+ 36. Kh2 1-0

[Event "NatWest Young Masters 2nd"]
[Site "London, Bayswater"]
[Date "1985.09.13"]
[Round "7"]
[White "Wells, Peter K"]
[Black "Bradbury, Neil H"]
[Result "1/2-1/2"]
[WhiteElo "2365"]
[BlackElo "2335"]
[PlyCount "52"]
[EventDate "1985.09.07"]
[EventRounds "9"]
[EventCountry "ENG"]
[EventCategory "6"]
[SourceTitle "BritBase"]
[Source "John Saunders"]
[SourceDate "2020.09.07"]
[SourceVersion "1"]
[SourceVersionDate "2020.09.07"]
[SourceQuality "2"]

1. d4 Nf6 2. Nf3 b6 3. c4 e6 4. Nc3 Bb7 5. a3 d5 6. cxd5 exd5 7. Bg5 Be7 8.
Qa4+ c6 9. e3 O-O 10. Rd1 Nbd7 11. Bd3 Re8 12. O-O a5 13. Rfe1 h6 14. Bh4 Ne4
15. Bxe4 dxe4 16. Bxe7 Qxe7 17. Nd2 Nf6 18. Qb3 b5 19. Rc1 Bc8 20. Ne2 Be6 21.
Qc2 Bd5 22. Nf4 a4 23. f3 b4 24. Ra1 bxa3 25. Rxa3 Qb4 26. Rea1 Rab8 1/2-1/2

[Event "NatWest Young Masters 2nd"]
[Site "London, Bayswater"]
[Date "1985.09.14"]
[Round "8"]
[White "Condie, Mark L"]
[Black "Wells, Peter K"]
[Result "1-0"]
[WhiteElo "2405"]
[BlackElo "2365"]
[PlyCount "79"]
[EventDate "1985.09.07"]
[EventRounds "9"]
[EventCountry "ENG"]
[EventCategory "6"]
[SourceTitle "BritBase"]
[Source "John Saunders"]
[SourceDate "2020.09.07"]
[SourceVersion "1"]
[SourceVersionDate "2020.09.07"]
[SourceQuality "2"]

1. d4 Nf6 2. Nf3 e6 3. c4 b6 4. e3 Bb7 5. Bd3 Be7 6. O-O O-O 7. Nc3 d5 8. cxd5
exd5 9. b3 Nbd7 10. Bb2 Re8 11. Ne5 a6 12. Qc2 Bd6 13. f4 c5 14. Na4 g6 15.
Nxd7 Nxd7 16. dxc5 Nxc5 17. Bd4 Rc8 18. Qd2 b5 19. Nxc5 Bxc5 20. f5 Qg5 21. Rf4
Qxf4 22. Bxc5 Qg5 23. Bd4 Rc6 24. Rf1 Bc8 25. f6 Bg4 26. Qf2 Rec8 27. Qg3 Qh5
28. h3 Be6 29. Bb2 Rc5 30. Kh2 d4 31. Bxd4 Rg5 32. Qf2 Bd5 33. e4 Be6 34. Be3
Rd8 35. Bxg5 Rxd3 36. Be3 Qe5+ 37. Qf4 Qxf4+ 38. Bxf4 Rd4 39. Re1 h5 40. Kg1 {
Time} 1-0

[Event "NatWest Young Masters 2nd"]
[Site "London, Bayswater"]
[Date "1985.09.14"]
[Round "8"]
[White "Pein, Malcolm"]
[Black "Whiteley, Andrew J"]
[Result "1/2-1/2"]
[WhiteElo "2360"]
[BlackElo "2370"]
[PlyCount "42"]
[EventDate "1985.09.07"]
[EventRounds "9"]
[EventCountry "ENG"]
[EventCategory "6"]
[SourceTitle "BritBase"]
[Source "John Saunders"]
[SourceDate "2020.09.07"]
[SourceVersion "1"]
[SourceVersionDate "2020.09.07"]
[SourceQuality "2"]

1. d4 Nf6 2. c4 g6 3. Nf3 Bg7 4. g3 O-O 5. Bg2 d5 6. Bf4 dxc4 7. Nbd2 Nd5 8.
Nxc4 Nxf4 9. gxf4 c5 10. dxc5 Qc7 11. Nfe5 Na6 12. c6 bxc6 13. Qa4 Rb8 14. Nxc6
Rb4 $5 15. Nxb4 Qxc4 16. a3 Bxb2 17. Rd1 Bc3+ 18. Kf1 Nxb4 19. axb4 Qxf4 20.
Qxa7 Qxb4 21. Qe3 Bf5 1/2-1/2

[Event "NatWest Young Masters 2nd"]
[Site "London, Bayswater"]
[Date "1985.09.14"]
[Round "8"]
[White "Bradbury, Neil H"]
[Black "De Wit, Jan"]
[Result "1/2-1/2"]
[WhiteElo "2335"]
[BlackElo "2390"]
[PlyCount "34"]
[EventDate "1985.09.07"]
[EventRounds "9"]
[EventCountry "ENG"]
[EventCategory "6"]
[SourceTitle "BritBase"]
[Source "John Saunders"]
[SourceDate "2020.09.07"]
[SourceVersion "1"]
[SourceVersionDate "2020.09.07"]
[SourceQuality "2"]

1. d4 Nf6 2. c4 g6 3. Nc3 Bg7 4. Nf3 O-O 5. e4 d6 6. Be2 e5 7. dxe5 dxe5 8.
Qxd8 Rxd8 9. Bg5 c6 10. Nxe5 Re8 11. f4 h6 12. Bh4 g5 13. fxg5 hxg5 14. Bg3 Na6
15. O-O Nc5 16. Nxf7 Ncxe4 17. Be5 Nxc3 1/2-1/2

[Event "NatWest Young Masters 2nd"]
[Site "London, Bayswater"]
[Date "1985.09.14"]
[Round "8"]
[White "Botterill, George Steven"]
[Black "Hawksworth, John C"]
[Result "1/2-1/2"]
[WhiteElo "2415"]
[BlackElo "2370"]
[PlyCount "32"]
[EventDate "1985.09.07"]
[EventRounds "9"]
[EventCountry "ENG"]
[EventCategory "6"]
[SourceTitle "BritBase"]
[Source "John Saunders"]
[SourceDate "2020.09.07"]
[SourceVersion "1"]
[SourceVersionDate "2020.09.07"]
[SourceQuality "2"]

1. b3 e5 2. Bb2 Nc6 3. e3 d5 4. Bb5 Bd6 5. Ne2 Nge7 6. c4 dxc4 7. bxc4 O-O 8.
O-O Nb4 9. d3 c6 10. Ba4 Bc7 11. d4 exd4 12. exd4 Bf5 13. Bc3 Na6 14. Ng3 Bg6
15. Re1 Nf5 16. Bc2 Nxg3 1/2-1/2

[Event "NatWest Young Masters 2nd"]
[Site "London, Bayswater"]
[Date "1985.09.15"]
[Round "9"]
[White "Wells, Peter K"]
[Black "Pein, Malcolm"]
[Result "0-1"]
[WhiteElo "2365"]
[BlackElo "2360"]
[PlyCount "86"]
[EventDate "1985.09.07"]
[EventRounds "9"]
[EventCountry "ENG"]
[EventCategory "6"]
[SourceTitle "BritBase"]
[Source "John Saunders"]
[SourceDate "2020.09.07"]
[SourceVersion "1"]
[SourceVersionDate "2020.09.07"]
[SourceQuality "2"]

1. d4 Nf6 2. c4 g6 3. Nc3 d5 4. Nf3 Bg7 5. Bg5 dxc4 6. e4 O-O 7. Bxc4 Bg4 8.
Be2 Nfd7 9. O-O Nb6 10. Be3 e6 11. Rc1 Nc6 12. e5 Bxf3 13. Bxf3 Nc4 14. Bxc6
bxc6 15. Ne4 Qd5 16. Qf3 Nxb2 17. Rc5 Qd7 18. Rxc6 Nd3 19. Rc4 Rfb8 20. Bg5 Nb2
21. Rb4 Rxb4 22. Nf6+ Bxf6 23. Qxa8+ Qd8 24. Qxd8+ Bxd8 25. Bxd8 c6 26. Ba5 Ra4
27. Bc3 Rxa2 28. Rb1 Na4 29. Bb4 Rb2 30. Rxb2 Nxb2 31. Kf1 Nd3 32. Ba3 Nf4 33.
g3 Nd5 34. Ke2 f5 35. Kd3 Kf7 36. Kc4 Ke8 37. Bc5 a6 38. Kb3 Kd7 39. Ka4 Kc7
40. Ka5 Kb7 41. Ba3 g5 42. h3 Nc3 43. f3 Ne2 0-1

[Event "NatWest Young Masters 2nd"]
[Site "London, Bayswater"]
[Date "1985.09.15"]
[Round "9"]
[White "Norwood, David"]
[Black "Botterill, George Steven"]
[Result "1/2-1/2"]
[WhiteElo "2445"]
[BlackElo "2415"]
[PlyCount "44"]
[EventDate "1985.09.07"]
[EventRounds "9"]
[EventCountry "ENG"]
[EventCategory "6"]
[SourceTitle "BritBase"]
[Source "John Saunders"]
[SourceDate "2020.09.07"]
[SourceVersion "1"]
[SourceVersionDate "2020.09.07"]
[SourceQuality "2"]

1. g3 d5 2. Bg2 c6 3. Nf3 Nf6 4. d3 Bf5 5. b3 h6 6. Bb2 e6 7. O-O Nbd7 8. c4
Be7 9. Na3 O-O 10. Nc2 a5 11. Rc1 Re8 12. cxd5 exd5 13. Re1 Bh7 14. Nfd4 Bf8
15. Ne3 a4 16. Qd2 axb3 17. axb3 Qb6 18. Ndc2 Ra2 19. Rb1 Ne5 20. Bxe5 Rxe5 21.
Qc3 Re8 22. b4 Qd8 1/2-1/2

[Event "NatWest Young Masters 2nd"]
[Site "London, Bayswater"]
[Date "1985.09.15"]
[Round "9"]
[White "Whiteley, Andrew J"]
[Black "Morrison, Graham"]
[Result "1/2-1/2"]
[WhiteElo "2370"]
[BlackElo "2335"]
[PlyCount "23"]
[EventDate "1985.09.07"]
[EventRounds "9"]
[EventCountry "ENG"]
[EventCategory "6"]
[SourceTitle "BritBase"]
[Source "John Saunders"]
[SourceDate "2020.09.07"]
[SourceVersion "1"]
[SourceVersionDate "2020.09.07"]
[SourceQuality "2"]

1. d4 Nf6 2. c4 e6 3. Nc3 Bb4 4. Qc2 O-O 5. a3 Bxc3+ 6. Qxc3 b6 7. Bg5 Bb7 8.
e3 d6 9. f3 Nbd7 10. Bd3 c5 11. Ne2 Rc8 12. O-O 1/2-1/2